Comparacin̤ internacional de las cargas administrativas

Detalles Bibliográficos
Autor Corporativo: Instituto Nacional de Administracin̤ Pb︢lica (Espaą)
Otros Autores: Rosell ̤Olivares, Ana
Formato: Libro
Lenguaje:español
Publicado: Madrid : Instituto Nacional de Administracin̤ Pb︢lica, 2009
Colección:Estudios y documentos (Instituto Nacional de Administracin̤ Pb︢lica (Espaą))
Materias:
Acceso en línea:Acceso restringido

MARC

LEADER 00000nam a2200000 a 4500
005 20120111150720.0
007 cr |||||||||||
008 110822s2009 sp f o000 ||spa|c
020 |a 9788473512848 
026 |a 010-09-001-0 
035 |a 5518 
040 |a SpMaBN.   |d UAM.D  |d vLex 
090 |c 2911  |d 2911 
245 0 0 |a Comparacin̤ internacional de las cargas administrativas  |h [Recurso electrn̤ico] /  |c traduccin̤ de Ana Rosell ̤Olivares 
256 |a Servicio en ln̕ea 
260 |a Madrid :  |b Instituto Nacional de Administracin̤ Pb︢lica,   |c 2009 
300 |a 1 recurso electrn̤ico 
500 |a Breve descripcin̤ de Comparacin̤ Internacional de las cargas administrativas Anl̀isis de las diferencias halladas en la regulacin̤ y las cargas resultantes del transporte terrestre, como de las conclusiones a las que se llega tras medir y comparar las cargas administrativas en distintos pas̕es. Recoge informacin̤ cerca de la evaluacin̤ de la burocracia y un anl̀isis de este factor en el sector de la carretera, entre otros estudios. 
506 1 |a Contenido solo disponible en los productos indicados  |d vLex Global   |d vLex Global (Academic Edition, excluding Law Schools)   |d vLex Global (U.S. Academic Edition, Law Schools)   |d vLex Global (U.S. Academic Edition, excluding Law Schools)   |d vLex Global (Academic Edition, Law Schools)  
650 4 |a Documentos Administrativos  |z OCDE, Pas̕es de la 
650 4 |a Procedimiento administrativo  |z OCDE, Pas̕es de la 
700 1 |a Rosell ̤Olivares, Ana 
710 2 |a Instituto Nacional de Administracin̤ Pb︢lica (Espaą) 
740 0 |a vLex Libros (Servicio en ln̕ea) 
830 0 |a Estudios y documentos (Instituto Nacional de Administracin̤ Pb︢lica (Espaą)) 
856 4 0 |z Acceso restringido  |u http://vlex.com/source/comparacion-internacional-cargas-administrativas-5518 
942 |c BOOK 
999 0 |a Administrative law 
999 0 |a Administrative agencies--Records and correspondance